1098 1465 1443 1833 1714 1746 1869 1645 1814 1617 1210 1430 1135 1505 1450 1484 1881 1174 1492 1669 1093 1344 1165 1083 1372 1941 1820 1820 1347 1463 1989 1345 1895 1193 1526 1594 1275 1580 1928 1420 1363 1883 1732 1138 1027 1877 1548 1885 1741 1831 1939 1886 1362 1655 1128 1590 1436 1676 1174 1246 1416 1217 1344 1407 1179 1352 1661 1331 1704 1313 1061 1324 1375 1665 1815 1752 1033 1194 1071 1464 1839 1367 1054 1523 1686 1590 1740 1244 1915 1664 1820 1960 1385 1231 1757 1706 1512 1095 1772 BCNSPRNW ULIB Ver.6.0+V

เปลี่ยนเป็นภาษาไทย

Change to English
 แสดงรายละเอียดบรรณานุกรม
  กลับหน้าหลัก

Brief Record : Get Marc (ISO 2709) : E-mail record : QR code < ปิดหน้าต่าง
LEADER : 00000nam 2200000uu 4500
001    13399115009
003     ULIB
008    120629s2552||||th 000 0 tha d
020    9786117055010
082 0  นว.^bม674ส
090    นว.^bม674ส
100 0  Moony
245 00 สงครามเจ้าอเวจี/^cMoony
260    กรุงเทพฯ :^bตะวันสอง,^c2552
300    274 หน้า
945    ^p175^l0^i026535
995    ทศพร
999 ^a ใช้งานได้ทุกระบบ
รายการนี้ยังไม่มีแท็ก
คุณยังไม่ได้ล็อกอิน คุณสามารถมีกิจกรรมร่วมกับเว็บไซต์ได้ แต่ต้องล็อกอินก่อน ::
  ล็อกอิน

รายการสื่อสารสนเทศ

ลำดับที่ ประเภท เลขเรียก/บาร์โค้ด สถานที่ สถานะ
1. นวนิยาย
นวนิยาย
นว. ม674สนว. ม674ส  
  Barcode: 026535
ห้องสมุดวิทยาเขตสวรรค์ประชารักษ์
►นวนิยาย
บนชั้น
  ขอยืม

BibComment


ยังไม่เคยถูกคอมเมนท์

คอมเมนท์ทรัพยากรรายการนี้
  คอมเมนท์: สงครามเจ้าอเวจี M..


 Copyright 2026. Bcnsprnw @Library